[Event "Kingston Wheeler op"]
[Site "Kingston"]
[Date "2013.05.25"]
[Round "1"]
[White "Davy, Damion"]
[Black "Soares, Andre"]
[Result "1-0"]
[WhiteElo "2162"]
[BlackElo "1878"]
[PlyCount "55"]
[EventDate "2013.05.25"]
[EventType "swiss"]
[EventRounds "5"]
[EventCountry "JAM"]
[SourceTitle "EXT 2015"]
[Source "ChessBase"]
[SourceDate "2014.11.20"]
[SourceVersion "1"]
[SourceVersionDate "2014.11.20"]
[SourceQuality "1"]

1. e4 c5 2. Nf3 Nc6 3. c3 g6 4. d4 d6 5. dxc5 dxc5 6. Qxd8+ Kxd8 7. Bc4 e6 8. 0-0 Bg7 9. a4 Nf6 10. Re1 h6 11. a5 Ke7 12. Nbd2 Bd7 13. Ra2 b6 14. Nb3 Rhd8 15. Bf4 Ne8 16. Raa1 g5 17. Bg3 Nd6 18. Nfd2 Ne5 19. Bf1 Bc6 20. f3 Rd7 21. axb6 axb6 22. Rxa8 Bxa8 23. Ra1 Bc6 24. Ra6 Nc8 25. Bxe5 Bxe5 26. Nc4 Bb5 27. Nxe5 Rd1 28. Ra1 1-0

[Event "JAM-ch"]
[Site "Kingston"]
[Date "2013.05.03"]
[Round "5"]
[White "Soares, Andre"]
[Black "Davy, Damion"]
[Result "0-1"]
[WhiteElo "1878"]
[BlackElo "2162"]
[PlyCount "71"]
[EventDate "2013.04.26"]
[EventType "tourn"]
[EventRounds "9"]
[EventCountry "JAM"]
[SourceTitle "CBM 154 Extra"]
[Source "ChessBase"]
[SourceDate "2013.06.25"]
[SourceVersion "2"]
[SourceVersionDate "2013.06.25"]
[SourceQuality "1"]

1. d4 d6 2. Nf3 g6 3. e4 Bg7 4. Be3 Nf6 5. Nbd2 0-0 6. Be2 Nbd7 7. h3 e5 8. dxe5 dxe5 9. 0-0 Qe7 10. c3 Nh5 11. Re1 b6 12. Qc2 Nf4 13. Bf1 h6 14. g3 Ne6 15. Rad1 Bb7 16. Nh4 Rad8 17. f3 Rfe8 18. Bf2 h5 19. Nc4 Bf6 20. Ng2 h4 21. g4 Ng5 22. Nxh4 Nxh3+ 23. Bxh3 Bxh4 24. Bf1 Bxf2+ 25. Qxf2 Kg7 26. Be2 Rh8 27. Kg2 Nc5 28. Qg3 Ne6 29. Rxd8 Nf4+ 30. Kf2 Rxd8 31. b4 Ba6 32. Nxe5 Nxe2 33. Rxe2 Re8 34. Nc6 Qf6 35. Nd4 Bxe2 36. Kxe2 0-1

[Event "JAM-ch"]
[Site "Kingston"]
[Date "2013.04.28"]
[Round "3"]
[White "Davy, Damion"]
[Black "Thomas, Peter"]
[Result "1-0"]
[WhiteElo "2162"]
[BlackElo "2052"]
[PlyCount "93"]
[EventDate "2013.04.26"]
[EventType "tourn"]
[EventRounds "9"]
[EventCountry "JAM"]
[SourceTitle "CBM 154 Extra"]
[Source "ChessBase"]
[SourceDate "2013.06.25"]
[SourceVersion "2"]
[SourceVersionDate "2013.06.25"]
[SourceQuality "1"]

1. e4 g6 2. d4 Bg7 3. Nc3 d6 4. Be3 Nc6 5. Qd2 e5 6. Nge2 Nge7 7. d5 Nb8 8. Bh6 0-0 9. 0-0-0 f5 10. h4 Qe8 11. Bxg7 Kxg7 12. f4 fxe4 13. fxe5 dxe5 14. Nxe4 Bf5 15. N2c3 Na6 16. Bxa6 bxa6 17. d6 cxd6 18. Qxd6 Nc6 19. Ng5 Rd8 20. Qc5 h6 21. Nf3 Qe6 22. Rxd8 Rxd8 23. Re1 Kf6 24. Qe3 Kg7 25. Nxe5 Re8 26. Nc4 Qxe3+ 27. Nxe3 Kf7 28. Ncd1 Re4 29. g3 Nd4 30. c3 Nc6 31. Rf1 Ke6 32. Kd2 h5 33. Nxf5 gxf5 34. Ne3 Re5 35. Ng2 Rd5+ 36. Ke2 Re5+ 37. Kf3 Re4 38. Nf4+ Kd6 39. Rd1+ Ke7 40. Rd5 Ne5+ 41. Rxe5+ Rxe5 42. Ng6+ Kd6 43. Nxe5 Kxe5 44. c4 a5 45. Ke3 a4 46. b4 a6 47. a3 1-0